000
00276nam a2200109Ia 4500
008
190914s9999||||xx |||||||||||||| ||und||
100
_a
Fazle Karim Khan
245
0
_a
Pakistan Geography Economy & People
260
_a
United Kingdom
_b
Oxford
_c
2003
300
_a
668
942
_c
BK
999
_c
9682
_d
9682